000
00509nam a2200145Ia 4500
008
151213s9999 xx 000 0 und d
100
_a
রকিবুল হাসান।
245
_a
এক ধরনের অহংকার
_c
রকিবুল হাসান।
260
_a
ঢাকা।
_b
জাহাঙ্গীর ব্রাদার্স।
_c
1998
300
_a
9286 p.
650
_a
Bangla
650
_a
কবিতা
700
_a
রকিবুল হাসান।
999
_c
4752
_d
4752